000
00282nam a22001337a 4500
008
181204b xxu||||| |||| 00| 0 eng d
020
_a
9781883601126
041
_a
eng
080
_a
004
100
_a
35
101
_a
shk
245
_a
Linux Bible
_c
Robert.P
942
_2
udc
_c
BK
999
_c
52817
_d
52817